000 00596nam a22001937a 4500
005 20250827062518.0
999 _c9180
_d9180
008 180417b ||||| |||| 00| 0 eng d
020 _a971-8712-02-x
082 _21986
_aDC 128
_bB97
100 _927394
_aButler, Chris
_d1948-
245 _aWho are you? :
_bdiscovering your real identity/
_cChris Butler
260 _aPhilippines:
_bScience of Identity Foundation;
_cc1986.
300 _axiv, 473 pages:
_billustrations;
_c22 cm.
500 _aIncludes references.
650 0 _927395
_aMan
650 0 _aIdentity.
_927396
650 0 _927397
_aSelf
942 _2ddc
_cDC